书目信息 |
| 题名: |
中文版Photoshop 7.0 经典实例158例
|
|
| 作者: | 崔亚量 主编 | |
| 分册: | ||
| 出版信息: | 成都 电子科技大学出版社 2003.09 |
|
| 页数: | 523页 | |
| 开本: | 26cm | |
| 丛书名: | ||
| 单 册: | ||
| 中图分类: | TP391.41 | |
| 科图分类: | ||
| 主题词: | 计算机应用 | |
| 电子资源: | ||
| ISBN: | 7-81094-264-6 | |
| 000 | 00579nam0 2200181 45 | |
| 001 | 0463190650 | |
| 005 | 2004052117331065 | |
| 010 | @a7-81094-264-6@dCNY 39.80 | |
| 100 | @a20040521d2003 km y0chiy0120 ea | |
| 101 | 0 | @achi |
| 200 | 1 | @a中文版Photoshop 7.0 经典实例158例@Azhong wen ban Photoshop 7.0 jing dian shi li 158 li@f崔亚量主编@Fcui ya liang zhu bian |
| 210 | @a成都@c电子科技大学出版社@d2003.09 | |
| 215 | @a523页@d26cm | |
| 606 | 0 | @a计算机应用 |
| 690 | 1 | @aTP391.41@v4 |
| 701 | 0 | @a崔亚量@Acui ya liang@4主编 |
| 801 | 0 | @aCN@bPFT@c20040521 |
| 905 | @a10447@dTP391.41@eC9782 | |
| 中文版Photoshop 7.0 经典实例158例/崔亚量主编.-成都:电子科技大学出版社,2003.09 |
| 523页;26cm |
| ISBN 7-81094-264-6:CNY 39.80 |
| ● |
| 相关链接 |
|
|
|
正题名:中文版Photoshop 7.0 经典实例158例
索取号:TP391.41/C9782
 
预约/预借
| 序号 | 登录号 | 条形码 | 馆藏地/架位号 | 状态 | 备注 |
| 1 | 376679 | 203766790 | 自科库301/ [索取号:TP391.41/C9782] | 在馆 | |
| 2 | 376680 | 203766807 | 自科二线504/504自科库 1排3列1层/ [索取号:TP391.41/C9782] | 在馆 | |
| 3 | 376681 | 203766816 | 自科库301/ [索取号:TP391.41/C9782] | 在馆 |